00968nam0a22002051 4500001001000000005001700010035002600027100004100053101000800094102000700102105001800109200039300127210002300520215002000543702003400563712010600597801001800703801002200721852001900743rc\84457420260406184207.0 a(NLR Aleph) 006025642 a20041129d1983 |||y0rusy50 ca0 arus aRU ay |||||||||1 aМетодические рекомендации по организации и проведению подвижных игр и физических упражнений на удлиненных переменахfМ-во просвещения СССР, НИИ физиологии детей и подростков АПН СССРg[Сост. Баранцев С.А. и др.] aМ.cБ. и.d1983 a[2], 10 с.d20 1aБаранцевbС.А.422002aНИИ физиологии детей и подростковcМосква3RU\NLR\AUTH\889949530 0aRUbNLRgpsbo 1aRUbELAR2rusmarc aNLRj84-4/2502